000 00625nam a22002057a 4500
005 20251108164127.0
008 250721s1995 xx 000 0 ara d
082 1 4 _a218,51/هاش
100 1 _aهاشم، أحمد عمر
245 1 0 _aزاد الداعية /
264 1 _aالقاهرة :
_bدار غريب للطباعة والنشر والتوزيع،
_c1995.
300 _a352ص
650 1 7 _aالخطب الدينية
650 1 7 _aالإسلام
650 1 7 _aالدعوة الإسلامية
650 1 7 _aخطبة الجمعة
650 1 7 _aالدعوة و الدعاة
942 _2ddc
_cBK
999 _c4304
_d4304